000 00543nam a2200205Ia 4500
003 OSt
005 20260416114430.0
008 210210b1981 xxu||||| |||| 00| 0 eng d
040 _cAL
041 _aSanskrit
082 _aS891.1 SASV
100 _a-
_9261823
245 _aSasvara vedamantrha
_bसस्वरवेदमन्त्राः
260 _aBengaluru
_bShri Ramakrashnashrama
_c1981
300 _a480
650 _aSasvara vedamantrha
_9261824
690 _aSanskrit Poetry
_9261825
906 _a035989
942 _2ddc
_cBB
999 _c86800
_d86800